| 000 | 00640nam a2200205Ia 4500 | ||
|---|---|---|---|
| 005 | 20260114182703.0 | ||
| 008 | 008 260114s9999 xx 000 0 eng d | ||
| 020 | _a9781433830860 | ||
| 037 | _aEBOOK | ||
| 040 |
_aCRL _beng _cCRL |
||
| 041 |
_aeng _2eng |
||
| 084 | _qCRL | ||
| 100 |
_aLafrance, Adele _9871031 |
||
| 245 | 0 | _aEmotion-focused family therapy: A transdiagnostic model for caregiver-focused interventions. | |
| 260 |
_bAPA _c2020 |
||
| 650 |
_aGroup & Family Therapy _9871032 |
||
| 700 |
_a Henderson, Katherine A. Mayman, Shari _9871033 |
||
| 856 | _uhttps://psycnet.apa.org/PsycBOOKS/toc/16145 | ||
| 942 | _cEBOOK | ||
| 999 |
_c1470128 _d1470128 |
||